Normal view
MARC view
- اللغة العربية - إنشاء - كتابة - الأسلوب الأدبي
Entry Topical Term
001 - CONTROL NUMBER
- control field: 51370
003 - CONTROL NUMBER IDENTIFIER
- control field: JO-AjAnu
005 - DATE AND TIME OF LATEST TRANSACTION
- control field: 20230606082442.0
008 - FIXED-LENGTH DATA ELEMENTS
- fixed length control field: 230606|| aca||aabn | a|a d
040 ## - CATALOGING SOURCE
- Original cataloging agency: JO-AjAnu
- Transcribing agency: JO-AjAnu
150 ## - HEADING--TOPICAL TERM
- Topical term or geographic name entry element: اللغة العربية - إنشاء - كتابة - الأسلوب الأدبي
670 ## - SOURCE DATA FOUND
- Source citation: Work cat.: (JO-AjAnu)26253: تأليف عبد الهاشمي،عبد الرحمن، م. مشارك فائزة محمد فخري العزاوي ؛ تقديم عبدالله عويدات, author 51369, الكتابة الفنية: مفهومها - أهميتها - مهاراتها - تطبيقاتها = Teachnical Writing